Statystyki dla Państwa z małżeństwem osób tej samej płci

Kliknij tutaj aby rozwiązać quiz!

Ogólne statystyki

  • Ten quiz został rozwiązany 913 razy
    (571 od ostatniego zresetowania)
  • Średni wynik to 20 z 29

Statystyki odpowiedzi

RokKraj% Poprawnych
2015Stany Zjednoczone
95%
2017Niemcy
92%
2005Hiszpania
89%
2005Kanada
89%
2013Francja
86%
2009Szwecja
86%
2001Holandia
83%
2009Norwegia
83%
2014Wielka Brytania
83%
2003Belgia
81%
2010Portugalia
80%
2017Finlandia
79%
2013Brazylia
76%
2012Dania
73%
2018Australia
72%
2010Meksyk
72%
2010Argentyna
71%
2015Irlandia
70%
2019Austria
68%
2010Islandia
65%
2015Luksemburg
63%
2013Nowa Zelandia
58%
2016Kolumbia
49%
2006Republika
Poludniowej Afryki
47%
2013Urugwaj
41%
2017Malta
39%
2019Ekwador
32%
2019Tajwan
18%
2020Kostaryka
17%

Rozkład punktacji

Percentyl według liczby udzielonych odpowiedzi

Procent ludzi z każdym wynikiem

Twoja historia wyników

Nie rozwiązałeś tego quizu od ostatniego zresetowania